Návrh opatrení v procese adaptácie zamestnancov v podniku Delphi Slovensko, s.r.o.

Salvato in:
Dettagli Bibliografici
Autore principale: Čavojská, Michaela (Autore)
Altri autori: Homokyová, Mária (Relatore della tesi)
Natura: Manoscritto Libro
Lingua:slovacco
Pubblicazione: 2016
Soggetti:
Accesso online:http://is.stuba.sk/zp/portal_zp.pl?podrobnosti=105771
Tags: Aggiungi Tag
Nessun Tag, puoi essere il primo ad aggiungerne!!

MARC

LEADER 00000ntm a22000003a 4500
001 stuzp56353
003 SK-STU
005 20160719154955.9
007 ta
008 150427s2015----xo-----f-mn---000-0-slo-d
040 |a STU  |b slo 
041 0 |a slo 
100 1 |a Čavojská, Michaela  |u 064000  |4 aut  |U MTF Materiálovotechnologická fakulta  |T MTF Ústav priemyselného inžinierstva a manažmentu  |X 71522  |U M4000  |Y 84  |7 71522 
242 0 1 |a A proposal of steps in the process of employees adaptation in the company Delphi Slovensko, s.r.o.  |y eng 
245 1 0 |a Návrh opatrení v procese adaptácie zamestnancov v podniku Delphi Slovensko, s.r.o. 
260 |c 2016 
650 4 |a adaptácia  |2 slo 
650 4 |a proces adaptácie  |2 slo 
650 4 |a vzdelávanie  |2 slo 
650 4 |a adaptation  |2 eng 
650 4 |a process of adaptation  |2 eng 
650 4 |a training  |2 eng 
700 1 |a Homokyová, Mária  |u 064000  |k Z1  |4 ths  |U MTF Materiálovotechnologická fakulta  |T MTF Ústav priemyselného inžinierstva a manažmentu  |X 2756  |U M4000  |Y 84  |7 A000002756 
856 4 |u http://is.stuba.sk/zp/portal_zp.pl?podrobnosti=105771 
996 |c M* BP-7760  |l MMSKP  |s P  |a 0  |w stuzp56353_0001 
SQL |a stuzp56353  |b DBP  |c SLO  |d Návrh opatrení v procese adaptácie zamestnancov v podniku Delphi Slovensko, s.r.o.  |e 71522  |f Čavojská, Michaela  |g 064000  |h 2756  |i Homokyová, Mária  |j 20160622  |k 173  |l 06  |m http://is.stuba.sk/zp/portal_zp.pl?podrobnosti=105771  |n B-PPP  |o 5.2.52. priemyselné inžinierstvo